00519 2200205 4500001002100000005001700021008004100038035002400079043001200103082000800115090001500123100001800138245003300156260003100189300002500220650001400245850001200259990002100271990002100292YOGYA-0209000002683820090227024107.0 ind  0010-020900000026838 aYOPDYOG a150 a150bSuy P aSUYANTO, Agus aPsikologi umumcAgus Sujanto aJakartabAksara Baruc1979 a266 hlmbilusc21 cm aPsikologi aYOPDYOG a22098-PD/A.06b1 a22097-PD/A.06b1